Statistiche per Personaggi serie TV - n. 1

Clicka qui per fare il quiz!

Statistiche generali

  • Questo quiz è stato fatto 102 volte
  • Il punteggio medio è 11 su 20

Statistiche sulle risposte

PersonaggioSerie% Corretto
UndiciStranger Things
88%
Rachel GreenFriends
77%
Thomas ShelbyPeaky Blinders
74%
Rory GilmoreUna mamma per amica
71%
Blair WaldorfGossip Girl
67%
DenverLa casa di carta
66%
Jesse PinkmanBreaking Bad
65%
Derek ShepherdGrey’s Anatomy
63%
Betty CooperRiverdale
63%
Maeve WileySex Education
55%
Cersei LannisterIl Trono di Spade
52%
Signor BurnsI Simpson
50%
Lady DanburyBridgerton
49%
Ragnar LothbrokVikings
48%
T-BagPrison Break
40%
Jim HalpertThe Office
40%
Harvey SpecterSuits
38%
Rick GrimesThe Walking Dead
35%
Annalise KeatingLe regole del delitto perfetto
34%
Jake PeraltaBrooklyn Nine-Nine
28%

Distribuzione punteggi

Percentile per numero di risposta

Percentuale di utenti per punteggio

I tuoi punteggi nel tempo

Non hai fatto questo quiz